35 cents / (Record no. 344659)
[ view plain ]
| 000 -LEADER | |
|---|---|
| fixed length control field | 00625nam a2200253Ia 4500 |
| 008 - FIXED-LENGTH DATA ELEMENTS--GENERAL INFORMATION | |
| fixed length control field | 171025s9999 xx 000 0 und d |
| 020 ## - INTERNATIONAL STANDARD BOOK NUMBER | |
| International Standard Book Number | 977158225 |
| 050 ## - LIBRARY OF CONGRESS CALL NUMBER | |
| Classification number | 306.76 |
| 050 ## - LIBRARY OF CONGRESS CALL NUMBER | |
| Item number | L477 2006 |
| 100 ## - MAIN ENTRY--PERSONAL NAME | |
| Personal name | Lee, Mathy |
| 245 ## - TITLE STATEMENT | |
| Title | 35 cents / |
| 245 ## - TITLE STATEMENT | |
| Statement of responsibility, etc | by Mathy Lee. |
| 250 ## - EDITION STATEMENT | |
| Edition statement | First edition |
| 260 ## - PUBLICATION, DISTRIBUTION, ETC. (IMPRINT) | |
| Place of publication, distribution, etc | San Francisco, CA : |
| 260 ## - PUBLICATION, DISTRIBUTION, ETC. (IMPRINT) | |
| Name of publisher, distributor, etc | Suspect thoughts Press, |
| 260 ## - PUBLICATION, DISTRIBUTION, ETC. (IMPRINT) | |
| Date of publication, distribution, etc | 2006 |
| 300 ## - PHYSICAL DESCRIPTION | |
| Extent | 205 pages : |
| 300 ## - PHYSICAL DESCRIPTION | |
| Other physical details | illustrations ; |
| 300 ## - PHYSICAL DESCRIPTION | |
| Dimensions | 21cm. |
| 650 ## - SUBJECT ADDED ENTRY--TOPICAL TERM | |
| Topical term or geographic name as entry element | Male prostitutes -- |
| 650 ## - SUBJECT ADDED ENTRY--TOPICAL TERM | |
| General subdivision | United States -- Biography. |
| 700 ## - ADDED ENTRY--PERSONAL NAME | |
| Personal name | Title : Thirthy-five cents. |
| 700 ## - ADDED ENTRY--PERSONAL NAME | |
| Personal name | Title. |
| Withdrawn status | Lost status | Damaged status | Home library | Current library | Date acquired | Total Checkouts | Full call number | Barcode | Date last seen | Price effective from | Koha item type |
|---|---|---|---|---|---|---|---|---|---|---|---|
| Stonyhurst Southville International School (Malarayat) | Stonyhurst Southville International School (Malarayat) | 10/25/2017 | SHS 306.76 L477 2006 | SSISM3712 | 10/25/2017 | 10/25/2017 | Books |